Guide to house rebuilding costs 2006 (Record no. 105314)

MARC details
000 -LEADER
fixed length control field 01333cam a2200253 4500
001 - CONTROL NUMBER
control field ##L133037
008 - FIXED-LENGTH DATA ELEMENTS--GENERAL INFORMATION
fixed length control field 060405n2006 000 0 eng u
020 ## - INTERNATIONAL STANDARD BOOK NUMBER
International Standard Book Number 190482935X
022 0# - INTERNATIONAL STANDARD SERIAL NUMBER
International Standard Serial Number 1350-9500
035 ## - SYSTEM CONTROL NUMBER
System control number (Sirsi) u133037
041 0# - LANGUAGE CODE
Language code of text/sound track or separate title eng
050 04 - LIBRARY OF CONGRESS CALL NUMBER
Classification number 690.23 $2 18
110 2# - MAIN ENTRY--CORPORATE NAME
Corporate name or jurisdiction name as entry element Building Cost Information Service
9 (RLIN) 1096
245 00 - TITLE STATEMENT
Title Guide to house rebuilding costs 2006
250 ## - EDITION STATEMENT
Edition statement 28th ed.
260 ## - PUBLICATION, DISTRIBUTION, ETC.
Place of publication, distribution, etc. London
Name of publisher, distributor, etc. RICS
Date of publication, distribution, etc. 2006
300 ## - PHYSICAL DESCRIPTION
Extent 108p
Dimensions 30cm.
350 ## - PRICE (NR) (BK AM CF MU VM SE) [OBSOLETE]
Price 80
520 ## - SUMMARY, ETC.
Summary, etc. Annual publication giving details of rebuilding costs for houses for reinstatement cost assessment. The rebuilding cost tables show the costs for gross external floor area in four regional groups, covering five house types, four age bands, three sizes and three quality bands. The guide also provides: additional costs and adjustments; regional variations; demolition costs; architects and surveyors fees; notes on preparing a reinstatement cost assessment; factors affecting building costs; specification and design notes; and elemental cost tables for different types and age of house. Supplements include the rebuilding cost tables for gross internal floor area and the ABI/BCIS house rebuilding cost index. Appendices.
590 ## - LOCAL NOTE (RLIN)
Local note IKA250406
690 ## - LOCAL SUBJECT ADDED ENTRY--TOPICAL TERM (OCLC, RLIN)
Topical term or geographic name as entry element BUILT ENVIRONMENT-BUILDING COSTS
942 ## - ADDED ENTRY ELEMENTS (KOHA)
Suppress in OPAC 0
Holdings
Withdrawn status Lost status Source of classification or shelving scheme Damaged status Not for loan Home library Current library Shelving location Date acquired Total Checkouts Full call number Barcode Date last seen Copy number Price effective from Koha item type Date last checked out
    Dewey Decimal Classification     London London RICS Boxes 12/04/2006   RICS 2006/08 30072835 06/08/2019 1 06/08/2019 Archive  
    Dewey Decimal Classification     London London RICS Boxes 12/04/2006   RICS 2006/08 30072836 06/08/2019 2 06/08/2019 Reference material  
    Dewey Decimal Classification     London London RICS Boxes 12/04/2006 15 RICS 2006/08 30072837 06/08/2019 3 06/08/2019 Book 09/07/2007